000 01332cam a2200349 a 4500
003 CHAP
005 20220329142112.0
008 990625d1997 ii r 00110 eng d
010 _a78471
011 _a79443
020 _a9290663804
035 _a89671
040 _cCHAP
082 0 4 _a631.521
_bI59
111 0 0 _aInternational Conference on Options for Strengthening National and Regional Seed Systems in Africa and West Asia
_d(1997 :
_cHarare, Zimbabwe)
_959623
245 1 0 _aAlternative strategies for smallholder seed supply :
_bproceedingns
_c/ed. by D. D. Rohrbach, Z. Bishaw and J. G. van Gastel
260 _aPatancheru ;
_bInternational Crops Research Institute for the Semi-Arid Tropics,
_c1997.
300 _a281 p. :
_bgráfs.
590 _aBATCH-UPD
_b10
_c20130110
_lUCH01
_h0540
590 _aBATCH-UPD
_b10
_c20130410
_lUCH01
_h0221
590 _aBATCH-UPD
_b10
_c20130914
_lUCH01
_h1533
590 _aCONVERSION
_b10
_c20130109
_lUCH01
_h1343
650 1 4 _aSemillas
_xPreservación.
_9103926
650 1 4 _aSemillas
_xProducción.
_9103927
700 0 _aBishaw, Z.
_eed.
_912932
700 0 _aGastel, A.J.G. van
_eed.
_947242
700 0 _aRohrbach, D. D.
_eed.
_999091
901 _aBK
905 _aMayto Villalobos S.
942 _cLIBRO
949 _a631.521 I59
_bBC
_cLIBRO
_d33724000735445
_eLIBRO
_h95684
_i89671
_sb
999 _c78471
_d78471